000 00952cam3a220022900 4500
001 qce00939595
005 20190826084857.0
008 750114s1970 sw eng c
035 _a(Sirsi) r59211
035 _a(QCAT)lss00721744
035 _a(UPRA)qce00939595
040 _dUPRA
070 _aQK956.S8A5
100 1 _aAndersson, Folke, 1933-
_dAndersson, Folke, 1933-
_6A18515.1
245 1 3 _aAn ecosystem approach to vegetation, environment and organic matter of a mixed woodland and meadow area.
260 _aLund :
_bCarl Bloms Boktryckeri,
_c1970.
504 _aBibliography: p. 14.
650 0 _aPlant ecology -- Sweden -- Skane.
_zPlant ecology -- Sweden -- Skane.
_zPlant ecology -- Sweden -- Skane.
_6S13206.1
650 0 _aForest ecology -- Sweden -- Skane.
_zForest ecology -- Sweden -- Skane.
_zForest ecology -- Sweden -- Skane.
_6S13207.1
949 _aQH541.5
_wlcc
_i33729000325279
_mMAIN
_p2500
_tBOOK
_lON-SHELF
004 59211
999 _c157929
_d157929